Central Library OPAC University of Rajshahi

Chekhov and his Russia : (Record no. 25247)

MARC details
000 -LEADER
fixed length control field 00771nam a2200241 i 4500
001 - CONTROL NUMBER
control field 25247
003 - CONTROL NUMBER IDENTIFIER
rucl marc code BD-RjUL
005 - DATE AND TIME OF LATEST TRANSACTION
control field 20211209050843.0
008 - FIXED-LENGTH DATA ELEMENTS--GENERAL INFORMATION
fixed length control field 140216s19711948enk 00110 eng d
020 ## - INTERNATIONAL STANDARD BOOK NUMBER
International Standard Book Number 0710070144
035 ## - SYSTEM CONTROL NUMBER
System control number (BD-RjUL)25316
040 ## - CATALOGING SOURCE
Original cataloging agency ANL
Language of cataloging eng
Transcribing agency ANL
Modifying agency BD-RjUL
041 ## - LANGUAGE CODE
Language code of text/sound track or separate title eng
082 00 - DEWEY DECIMAL CLASSIFICATION NUMBER
Classification number 891.723
Author mark and year BRC 1971
100 1# - MAIN ENTRY--PERSONAL NAME
Personal name Bruford, W. H.
Fuller form of name (Walter Horace),
Dates associated with a name 1894-1988.
9 (RLIN) 77655
245 10 - TITLE STATEMENT
Title Chekhov and his Russia :
Remainder of title a sociological study /
Statement of responsibility, etc. by W.H. Bruford.
260 ## - PUBLICATION, DISTRIBUTION, ETC. (IMPRINT)
Place of publication, distribution, etc. London :
Name of publisher, distributor, etc. Routledge & Kegan Paul,
Date of publication, distribution, etc. 1948 [Reprinted 1971].
300 ## - PHYSICAL DESCRIPTION
Pagination ix, 233, 15 p. ;
Size 23 cm.
504 ## - BIBLIOGRAPHY, ETC. NOTE
Bibliography, etc Includes index.
600 10 - SUBJECT ADDED ENTRY--PERSONAL NAME
Personal name Chekhov, Anton Pavlovich,
Dates associated with a name 1860-1904.
651 #0 - SUBJECT ADDED ENTRY--GEOGRAPHIC NAME
Geographic name Soviet Union
General subdivision Social life and customs.
9 (RLIN) 77657
942 ## - ADDED ENTRY ELEMENTS (KOHA)
Source of classification or shelving scheme Dewey Decimal Classification
Koha item type Books
Holdings
Lost status Source of classification or shelving scheme Damaged status Not for loan Collection code Permanent Location Current Location Shelving location Date acquired Source of acquisition Cost, normal purchase price Total Checkouts Full call number Date last seen Date checked out Copy number Koha item type
  Dewey Decimal Classification     Non-fiction Central Library, University of Rajshahi Central Library, University of Rajshahi   09/01/1975 Jonathan & Co. 2.40 2 891.723 BRC 1971 20/03/2023 20/02/2023 C-3 Books
  Dewey Decimal Classification   Added to bundle   Central Library, University of Rajshahi Central Library, University of Rajshahi Reading Room 12/09/1955 B. H. Blackwell 16.00   891.723 BRC 1947 19/03/2014   C-1 Books